Imiona znanych osób #3 - Statystyki

Ogólne statystyki
  • Ten quiz został rozwiązany 204 razy
    89 od ostatniego zresetowania
  • Średni wynik to 6 z 10
Statystyki odpowiedzi
Imię Nazwisko % Poprawnych
Jim Carrey
80%
Emmanuel Macron
72%
Natalie Portman
68%
George Orwell
65%
Lewis/Alexander Hamilton
62%
Antonio Vivaldi
61%
Kylie/Kendall Jenner
55%
Elton John
49%
Simón Bolívar
35%
Stephen Curry
31%
Nie znaleziono quizów pasujących do podanych kryteriów
Rozkład punktacji
Procent ludzi z każdym wynikiem
Percentyl według liczby udzielonych odpowiedzi
Twoja historia wyników
Nie rozwiązałeś tego quizu od ostatniego zresetowania